América Latina: las raíces de la crisis

محفوظ في:
التفاصيل البيبلوغرافية
التنسيق: نص
الموضوعات:
الوسوم: إضافة وسم
لا توجد وسوم, كن أول من يضع وسما على هذه التسجيلة!

MARC

LEADER 00000 a a2200000 04500
001 44482
003
040
245 |a América Latina:   |b las raíces de la crisis  
650 |a AMERICA LATINA  
650 |a DESEMPLEO  
650 |a INFLACION  
650 |a DEUDA EXTERNA  
650 |a IMPORTACIONES  
650 |a CAMBIO ECONOMICO  
650 |a AYUDA FINANCIERA  
650 |a PAISES DEUDORES  
650 |a PRESTAMOS INTERNACIONALES  
650 |a RECESION ECONOMICA  
650 |a CRISIS ECONOMICA  
773 |g volumen8, número49 (1984). Páginas: 776-777  
999 |c 33188  |d 33188